000 00460nam a22001697a 4500
005 20240723092544.0
008 240723b |||||||| |||| 00| 0 eng d
020 _a9780135619643
082 _a5105.88
_bWOO-A
100 _aWood, Brian
245 _aAdobe XD CC Classroom in a Book /
_cBrain Wood
260 _aindia:
_badobe press;
_c2019.
300 _axiv, 355 p. :
_bill;
_c24 cm.
500 _ainclude index.
650 _aGraphic design
999 _c36169
_d36169